00458nmm a2200169Ia 4500008004100000020001500041041000800056100001300064245001600077264005100093300001800144490003000162650002200192856005000214942000700264999001700271251105s9999||||xx |||||||||||||||||und|| a8470303988 aspa aAzorín 0aLa Voluntad a[Madrid, España] :bBiblioteca Nueva, c1996 a256 páginas aCien años después, 98 aSpanish narrative uhttps://public.digitaliapublishing.com/a/4347 cCF c73065d73065